| 000 | 00374 a2200145 4500 | ||
|---|---|---|---|
| 001 | 73792 | ||
| 082 | _a629.1341 RAY | ||
| 090 |
_c39005 _d39005 |
||
| 100 | _aRaymer,Daniel P | ||
| 245 | _aAircraft Design : A Conceptual approach 2nd Ed | ||
| 250 | _a2nd | ||
| 260 |
_aUSA _bAIAA, Virginia _c1992 |
||
| 300 |
_a822p. _bPhotocopy |
||
| 500 | _aBE Textbook Aerospace Dept | ||
| 942 |
_aNUST-CAE _k629.1341 RAY |
||
| 999 |
_c308865 _d308865 |
||